[Event "Steinfurt Bezirksliga 1415"]
[Site "Germany"]
[Date "2014.09.27"]
[Round "2.5"]
[White "Winter, Reinhold"]
[Black "Radisic, Sascha"]
[Result "1/2-1/2"]
[WhiteElo "1518"]
[BlackElo "1626"]
[PlyCount "46"]
[EventDate "2014.09.06"]
[EventType "team-tourn"]
[EventRounds "9"]
[EventCountry "GER"]
[SourceTitle "EXT 2016"]
[Source "ChessBase"]
[SourceDate "2015.10.08"]
[SourceVersion "1"]
[SourceVersionDate "2015.10.08"]
[SourceQuality "1"]
[WhiteTeam "Neuenkirchen II"]
[BlackTeam "Steinfurt II"]
[WhiteTeamCountry "GER"]
[BlackTeamCountry "GER"]

1. c4 c5 2. Nc3 Nc6 3. g3 g6 4. Bg2 Bg7 5. e3 Nf6 6. Nge2 0-0 7. 0-0 e6 8. d4 cxd4 9. exd4 d5 10. cxd5 Nxd5 11. Nxd5 exd5 12. Be3 Bg4 13. h3 Bxe2 14. Qxe2 Nxd4 15. Bxd4 Bxd4 16. Rad1 Bg7 17. Rxd5 Qe8 18. Qd2 Rd8 19. Rd1 Rxd5 20. Bxd5 Qe5 21. Bxb7 Qxb2 22. Qxb2 Bxb2 23. Rd7 a5 1/2-1/2